Pierce The Veil - Caraphernelia Lyrics - Statistics

General Stats
  • This quiz has been taken 37 times
  • The average score is 278 of 356
Answer Stats
Answer % Correct
a
100%
can
100%
I
100%
my
100%
so
100%
So
100%
that
100%
the
100%
you
100%
you?
100%
You
100%
do
96%
me
96%
me,
96%
about)
91%
about
91%
and
91%
And
91%
there
91%
to
91%
to?
91%
be
87%
burn
87%
can't
87%
catch
87%
fire
87%
for
87%
forget
87%
gonna
87%
good
87%
if
87%
I'll
87%
in
87%
into
87%
name
87%
night
87%
(No)
87%
no,
87%
picking
87%
pieces?
87%
ruin
87%
that'll
87%
thing
87%
up
87%
What
87%
what
87%
your
87%
ain't
83%
baby
83%
baby,
83%
it's
83%
just
83%
Just
83%
little
83%
Sunshine,
83%
that's
83%
This
83%
this
83%
What's
83%
blue
78%
boy
78%
heart,
78%
is
78%
throat,
78%
anyway
74%
beating
74%
dreamer
74%
Hold
74%
more
74%
much
74%
None
74%
none
74%
of
74%
something
74%
anymore
70%
(But
70%
colors
70%
her
70%
light
70%
Don't
65%
don't
65%
ever
65%
honestly
65%
next
65%
than
65%
there's
65%
you're
65%
(You're
65%
give
61%
harder
61%
hole
61%
Oh
61%
breathing
57%
I'm
57%
preacher
57%
stop
57%
as
52%
bleeding
52%
fingers
52%
like
52%
mind
52%
tried
52%
you've
52%
back
48%
brought
48%
decided
48%
done
48%
gun
48%
Licking
48%
necklace
48%
Nobody
48%
penny
48%
reaching
48%
shake
48%
Talking
48%
Texas
48%
dizzy
43%
feeds
43%
from
43%
girl
43%
know
43%
medicine
43%
mom
43%
need
43%
now)
43%
prays
43%
selfish
43%
afford
39%
how
39%
another
35%
even
35%
gives
35%
learn
35%
learning
35%
taste
35%
want
35%
away
30%
kill
30%
throw
30%
heartless
26%
on
22%
lips
17%
I'd
13%
shadow
13%
wall
13%
Collide
9%
alone
4%
invisible
4%
live
4%
better
0%
No matching quizzes found
Score Distribution
Percent of People with Each Score
Percentile by Number Answered
Your Score History
You have not taken this quiz